[Event "Hastings9596"]
[Site "Hastings"]
[Date "1996.??.??"]
[Round "1"]
[White "Hodgson, Julian M"]
[Black "Khalifman, Alexander"]
[Result "1/2-1/2"]
[WhiteElo "2590"]
[BlackElo "2655"]

1.d4 d5 2.Bg5 h6 3.Bh4 c6 4.e3 Qb6 5.Qc1 Bf5 6.Nf3 e6 7.c4 Be7 8.Bxe7 Nxe7
9.Nc3 Nd7 10.Be2 O-O 11.O-O Bg4 12.b3 Rac8 13.Rd1 Ng6 14.Qa3 a6 15.Rac1 Nf6
16.h3 Bxf3 17.Bxf3 Rfd8 18.Be2 Qc7 19.cxd5 exd5 20.b4 Qe7 21.Qb3 Ne4 22.Nxe4 Qxe4
23.Bd3 Qe6 24.a4 Ne7 25.Rc5 Qd6 26.Rdc1 Ra8 27.R5c2 Re8 28.Qc3 Red8 29.Qc5 Rd7
30.Rb2 Kf8 31.Rbb1 Kg8 32.Qa5 Rdd8 33.Qb6 Rd7 34.Ra1 Nc8 35.Qc5 Ne7 36.Qa5 Qc7
37.Qc5 Qd6 38.Ra2 g6 39.Rca1 Kf8 40.g3 h5 41.Kg2 Rdd8 42.Qxd6 Rxd6 43.b5 axb5
44.axb5 Rxa2 45.Rxa2 cxb5 46.Bxb5 Rb6 47.Be2 Ke8 48.g4 hxg4 49.hxg4 f6 50.Kf3 Kf7
51.Ra8 Rb2 52.Rb8 Ke6 53.Ba6 Rb6 54.Bd3 Rb2 55.Re8 Kd7 56.Rf8 Ke6 57.Re8  1/2-1/2

[Event "Hastings9596"]
[Site "Hastings"]
[Date "1996.??.??"]
[Round "1"]
[White "Lalic, Bogdan"]
[Black "Miles, Anthony J"]
[Result "1-0"]
[WhiteElo "2590"]
[BlackElo "2600"]

1.d4 d5 2.c4 dxc4 3.e4 Nc6 4.Be3 Nf6 5.f3 e5 6.d5 Ne7 7.Bxc4 Ng6 8.Bb5+ Nd7
9.Ne2 a6 10.Bd3 Bd6 11.Qd2 Qh4+ 12.g3 Qe7 13.Nbc3 Nf6 14.h4 h6 15.O-O-O Bd7
16.Kb1 Bc5 17.Bxc5 Qxc5 18.Rc1 Qb6 19.Nd1 c6 20.Ne3 cxd5 21.exd5 O-O 22.Nc4 Qd8
23.g4 Bb5 24.h5 Ne7 25.d6 Nc6 26.g5 hxg5 27.Qxg5 Bxc4 28.Bxc4 Ne8 29.Rcg1 Kh8
30.Qg6 Qf6 31.Nc3 Nd4 32.Ne4 Qf5 33.d7 Qxd7 34.Ng5 Qf5+ 35.Qxf5 Nxf5 36.Nxf7+ Kh7
37.h6 g6 38.Nxe5 Ned6 39.Bd3 Rf6 40.Rc1 Re8 41.f4 Re7 42.Rcg1 Ree6 43.Bc2 Re7
44.Rg5 Rc7 45.a3 Ne7 46.Rhg1 Nc4 47.Nxg6 Nd2+ 48.Ka2 Nxg6 49.Bxg6+  1-0

[Event "Hastings9596"]
[Site "Hastings"]
[Date "1996.??.??"]
[Round "1"]
[White "Conquest, Stuart"]
[Black "Luther, Thomas"]
[Result "1-0"]
[WhiteElo "2455"]
[BlackElo "2550"]

1.b3 d5 2.e3 Nf6 3.Bb2 Bf5 4.Nf3 Nbd7 5.d3 h6 6.Nbd2 e6 7.Qe2 Bh7 8.Rg1 a5
9.a4 Bb4 10.g4 Qe7 11.h4 O-O-O 12.Nd4 Ne8 13.h5 Nd6 14.Bg2 c6 15.c3 Bc5 16.e4 dxe4
17.dxe4 e5 18.Nf5 Bxf5 19.gxf5 Qh4 20.Bf3 Nf6 21.Rh1 Qg5 22.Bc1 Nd7 23.Nc4 Qf6
24.Nxa5 Nxf5 25.Nxc6 bxc6 26.exf5 e4 27.Qa6+ Kb8 28.Bf4+ Bd6 29.Bxd6+ Qxd6
30.Be2 Nc5 31.Qb6+ Kc8 32.Rd1 Nd3+ 33.Kf1 Rd7 34.Rh4 Re8 35.Qa6+ Kb8 36.Bxd3 Qf6
37.Rf4 Qg5 38.Qb6+ Rb7 39.Qxc6  1-0

[Event "Hastings9596"]
[Site "Hastings"]
[Date "1996.??.??"]
[Round "1"]
[White "Yermolinsky, Alex"]
[Black "Atalik, Suat"]
[Result "1/2-1/2"]
[WhiteElo "2560"]
[BlackElo "2525"]

1.d4 d5 2.Nf3 Nf6 3.c4 c6 4.Nc3 e6 5.Bg5 dxc4 6.a4 Bb4 7.e4 c5 8.Bxc4 cxd4
9.Nxd4 h6 10.Be3 O-O 11.f3 Qe7 12.O-O Nc6 13.Nxc6 bxc6 14.Qe2 a5 15.e5 Nd5
16.Ne4 Nxe3 17.Qxe3 Rd8 18.Rad1 Ba6 19.Rxd8+ Qxd8 20.b3 Bxc4 21.bxc4 Qc7
22.f4 Rd8 23.Nf2 Bd2 24.Qf3 Qb6 25.Rd1 Rd4 26.g3 Qc5 27.Qe2 Bc3 28.Kf1 Qb4
29.Rxd4 Bxd4 30.Qc2 Qa3 31.Kg2 Qe3 32.h4 Kf8 33.h5 Ke7 34.Nh3 Kd7 35.g4 Kc7
36.Qh7 Qe2+ 37.Kg3 Qd2  1/2-1/2

[Event "Hastings9596"]
[Site "Hastings"]
[Date "1996.??.??"]
[Round "2"]
[White "Atalik, Suat"]
[Black "Khalifman, Alexander"]
[Result "0-1"]
[WhiteElo "2525"]
[BlackElo "2655"]

1.d4 Nf6 2.c4 c5 3.d5 b5 4.cxb5 a6 5.bxa6 g6 6.Nc3 Bxa6 7.e4 Bxf1 8.Kxf1 d6
9.Nf3 Nbd7 10.g3 Bg7 11.Kg2 O-O 12.Re1 Ra6 13.h3 Qa8 14.Bg5 h6 15.Bd2 e6
16.dxe6 fxe6 17.a4 g5 18.Ra3 d5 19.Qc2 Rf7 20.exd5 exd5 21.Nb5 Qb7 22.Bxg5 hxg5
23.Nxg5 Nf8 24.Nxf7 Qxf7 25.Rf3 Ne6 26.Qf5 Qh5 27.Qxh5 Nxh5 28.Rfe3 Kf7 29.Nc7 Nxc7
30.Re7+ Kg6 31.Rxc7 c4 32.f4 Bxb2 33.f5+ Kg5 34.g4 Nf6 35.Rg7+ Kf4 36.Rf1+ Ke3
37.g5 Ne4 38.Re7 Rxa4 39.f6 Ra2 40.Rf2 Bxf6 41.Rxe4+ dxe4 42.Rxa2 Bxg5 43.Kg3 Kd3
44.h4 Bd2  0-1

[Event "Hastings9596"]
[Site "Hastings"]
[Date "1996.??.??"]
[Round "2"]
[White "Sadler, Matthew"]
[Black "Hodgson, Julian M"]
[Result "1/2-1/2"]
[WhiteElo "2565"]
[BlackElo "2590"]

1.d4 d5 2.c4 c6 3.Nc3 Nf6 4.e3 a6 5.Qc2 e6 6.Nf3 c5 7.cxd5 exd5 8.Be2 Nc6
9.O-O Be6 10.Rd1 Nb4 11.Qd2 Ne4 12.Nxe4 dxe4 13.a3 exf3 14.Bxf3 Nc6 15.d5 Ne5
16.dxe6 Nxf3+ 17.gxf3 fxe6 18.b3 Qxd2 19.Bxd2 Kd7 20.Bc3+ Kc6 21.Ra2 Be7
22.Rad2 Rad8 23.Rxd8 Rxd8 24.Rxd8 Bxd8 25.Bxg7 c4 26.bxc4 Kc5 27.f4 Kxc4
28.e4 Bc7 29.f5 exf5 30.exf5 Kd5 31.a4 b5 32.axb5 axb5 33.Bc3 Be5 34.Bd2 Ke4
35.Kf1 Kxf5 36.h3 Bf4 37.Bc3 Ke4 38.Ke2 Bd6 39.Bd2 Kd4 40.Be3+ Kc4 41.Bd2 Bb4
42.Bxb4 Kxb4 43.Kd3 Ka3 44.Kc2 b4 45.Kb1 Kb3 46.h4 Kc3 47.h5  1/2-1/2

[Event "Hastings9596"]
[Site "Hastings"]
[Date "1996.??.??"]
[Round "2"]
[White "Miles, Anthony J"]
[Black "Conquest, Stuart"]
[Result "0-1"]
[WhiteElo "2600"]
[BlackElo "2455"]

1.d4 Nf6 2.Bg5 d5 3.e3 c5 4.Bxf6 gxf6 5.c3 Nc6 6.Nf3 e5 7.Be2 Be6 8.O-O h5
9.Nbd2 h4 10.dxc5 Bxc5 11.c4 e4 12.Nb3 exf3 13.Bxf3 h3 14.g3 Qb6 15.cxd5 Rd8
16.e4 Ne5 17.Be2 Bd7 18.Rc1 Bd6 19.Kh1 Rg8 20.Nd2 Ke7 21.b3 Qd4 22.f3 b5
23.Nb1 Qxd1 24.Rfxd1 Rc8 25.Kg1 Ng6 26.Kf1 a6 27.f4 Rxc1 28.Rxc1 Nxf4 29.gxf4 Bxf4
30.Rd1 Bxh2 31.Bf3 Bd6 32.Ke2 h2 33.Nd2 Rg1 34.Bh1 Bh3 35.e5 Bxe5 36.Bf3 f5
37.a4 Rxd1 38.Kxd1 Bg4  0-1

[Event "Hastings9596"]
[Site "Hastings"]
[Date "1996.??.??"]
[Round "3"]
[White "Hodgson, Julian M"]
[Black "Luther, Thomas"]
[Result "1/2-1/2"]
[WhiteElo "2590"]
[BlackElo "2550"]

1.c4 e6 2.Nf3 d5 3.d4 Nf6 4.g3 Bb4+ 5.Bd2 Be7 6.Bg2 O-O 7.Qc2 Nbd7 8.O-O c6
9.Bf4 b6 10.a4 Ba6 11.Nbd2 Rc8 12.a5 bxa5 13.c5 Bxe2 14.Rfe1 Bb5 15.b3 Re8
16.Nb1 Ne4 17.Nc3 Nxc3 18.Qxc3 Bf6 19.Qd2 Nf8 20.h4 Ng6 21.Bd6 Be7 22.h5 Nf8
23.Bf4 h6 24.Rxa5 a6 25.Bf1 Nh7 26.Bxb5 axb5 27.Ra6 Bf6 28.Ne5 Bxe5 29.Bxe5 Ng5
30.Qd3 f6 31.Bf4 Nh3+ 32.Kg2 Nxf4+ 33.gxf4 f5 34.Qg3 Qf6 35.Ra7 Re7 36.Rxe7 Qxe7
37.Qg6 Re8 38.Ra1  1/2-1/2

[Event "Hastings9596"]
[Site "Hastings"]
[Date "1996.??.??"]
[Round "3"]
[White "Lalic, Bogdan"]
[Black "Atalik, Suat"]
[Result "1/2-1/2"]
[WhiteElo "2590"]
[BlackElo "2525"]

1.c4 Nf6 2.Nc3 g6 3.e4 d6 4.d4 Bg7 5.Nf3 O-O 6.Be2 e5 7.O-O Nc6 8.d5 Ne7
9.b4 Nh5 10.Re1 Nf4 11.Bf1 h6 12.Nd2 c6 13.dxc6 Nxc6 14.a3 a5 15.Rb1 axb4
16.axb4 Nd4 17.Nb3 Nfe6 18.Nb5 Bd7 19.N3xd4 Nxd4 20.Nxd4 exd4 21.Bf4 g5 22.Bg3 f5
23.exf5 Bxf5 24.Bd3 Qd7 25.Qf3 d5 26.cxd5  1/2-1/2

[Event "Hastings9596"]
[Site "Hastings"]
[Date "1996.??.??"]
[Round "4"]
[White "Miles, Anthony J"]
[Black "Hodgson, Julian M"]
[Result "1-0"]
[WhiteElo "2600"]
[BlackElo "2590"]

1.Nf3 d5 2.d4 c6 3.c4 dxc4 4.e3 b5 5.a4 e6 6.axb5 cxb5 7.b3 Bb4+ 8.Bd2 Bxd2+
9.Nbxd2 a5 10.bxc4 b4 11.Ne5 Nf6 12.Qa4+ Nfd7 13.c5 O-O 14.Nec4 Nf6 15.Be2 Nd5
16.Bf3 Bd7 17.Qc2 Bb5 18.Nd6 Ba6 19.N2c4 Nc6 20.O-O Qc7 21.Rfc1 Bxc4 22.Nxc4 Nce7
23.Qb3 Ra7 24.g3 Rb8 25.Kg2 h6 26.Rc2 Nc3 27.Rxa5 Rxa5 28.Nxa5 Qxa5 29.Rxc3 bxc3
30.Qxb8+ Kh7 31.Qb7 f5 32.Qxe7 c2 33.Qxe6 c1=Q 34.Qxf5+ g6 35.Qf7+ Kh8 36.Qf8+ Kh7
37.Bd5 Qh1+ 38.Kxh1  1-0

[Event "Hastings9596"]
[Site "Hastings"]
[Date "1996.??.??"]
[Round "4"]
[White "Atalik, Suat"]
[Black "Sadler, Matthew"]
[Result "1/2-1/2"]
[WhiteElo "2525"]
[BlackElo "2565"]

1.d4 d5 2.c4 dxc4 3.e3 Nf6 4.Bxc4 e6 5.Nf3 c5 6.O-O a6 7.a3 b5 8.Ba2 Bb7
9.Nc3 Nbd7 10.Qe2 Qb6 11.dxc5 Bxc5 12.e4 O-O 13.e5 Bxf3 14.gxf3 Nh5 15.f4 g6
16.Ne4 Qb7 17.Rd1 Rac8 18.Qf3 Rc7 19.Kg2 Rfc8 20.Bd2 Be7 21.Rac1 Nb6 22.Be3 Kg7
23.Rxc7 Rxc7 24.Nd6 Qxf3+ 25.Kxf3 Rc6 26.f5 exf5 27.Bxf7 Nd7 28.Bd4 Bxd6
29.Bd5 Bxe5 30.Bxc6 Bxd4 31.Bxd7 Bxb2 32.Rd3 Kf6 33.Rb3 Bc1 34.Ke2 Ke7 35.Bc6 Nf6
36.Bb7 a5 37.Kd1 a4 38.Rd3 Bf4 39.Bc6 Ne4 40.Rd7+ Kf6 41.Bxe4 fxe4 42.Rd5 Bxh2
43.Rxb5 Bd6 44.Ra5 Bxa3 45.Rxa4 Bd6 46.Rxe4  1/2-1/2

[Event "Hastings9596"]
[Site "Hastings"]
[Date "1996.??.??"]
[Round "4"]
[White "Lalic, Bogdan"]
[Black "Conquest, Stuart"]
[Result "1-0"]
[WhiteElo "2590"]
[BlackElo "2455"]

1.Nf3 g6 2.d4 Bg7 3.c4 c5 4.e4 cxd4 5.Nxd4 Nc6 6.Be3 Nf6 7.Nc3 Ng4 8.Qxg4 Nxd4
9.Qd1 Ne6 10.Rc1 b6 11.Qd2 Bb7 12.Be2 O-O 13.f3 f5 14.exf5 gxf5 15.Nd5 Qe8
16.O-O Qf7 17.b4 f4 18.Bf2 Ng5 19.h4 Ne6 20.Rfe1 Kh8 21.Bd3 Rae8 22.Bc2 Rg8
23.Kf1 d6 24.Qd3 Be5 25.Rxe5 dxe5 26.Re1 Nd4 27.Rxe5 Nxc2 28.Qxc2 Bxd5 29.cxd5 Rc8
30.Qd2 Rg7 31.Bd4 Kg8 32.Bb2 Qg6 33.Re4 Rf7 34.Be5 Qh5 35.Bxf4 Qxh4 36.Kg1 Rg7
37.Bh6 Qf6 38.Bxg7 Kxg7 39.Re6 Qh4 40.Qe3 Kf7 41.Re4  1-0

[Event "Hastings9596"]
[Site "Hastings"]
[Date "1996.??.??"]
[Round "5"]
[White "Conquest, Stuart"]
[Black "Atalik, Suat"]
[Result "1-0"]
[WhiteElo "2455"]
[BlackElo "2525"]

1.c4 g6 2.e4 Bg7 3.d4 d6 4.Nc3 Nf6 5.Bd3 O-O 6.Nge2 Nc6 7.O-O e5 8.d5 Nd4
9.Nxd4 exd4 10.Ne2 Re8 11.f3 Nd7 12.Bf4 Nc5 13.b4 Na6 14.Rb1 c5 15.bxc5 Nxc5
16.Bc2 f5 17.Nxd4 fxe4 18.Nb5 Bf8 19.fxe4 a6 20.Nd4 Bg7 21.Kh1 Qc7 22.Re1 Rf8
23.Bg3 Bd7 24.Qd2 Rae8 25.Nb3 Be5 26.Nxc5 Qxc5 27.Rxb7 Bxg3 28.hxg3 Re5 29.Bd1 Bc8
30.Rb8 g5 31.Kh2 Qa7 32.Qb4 Qe7 33.Qb6 g4 34.Kg1 Qf6 35.Qe3 Qg6 36.c5 dxc5
37.Qxc5 Rxe4 38.Rxe4 Qxe4 39.Rxc8  1-0

[Event "Hastings9596"]
[Site "Hastings"]
[Date "1996.??.??"]
[Round "5"]
[White "Sadler, Matthew"]
[Black "Luther, Thomas"]
[Result "1-0"]
[WhiteElo "2565"]
[BlackElo "2550"]

1.d4 e6 2.c4 b6 3.e4 Bb7 4.Nc3 Bb4 5.f3 f5 6.exf5 Nh6 7.fxe6 Nf5 8.Bf4 O-O
9.Qd2 dxe6 10.O-O-O Nc6 11.d5 Na5 12.Nh3 Qe8 13.Re1 Bxc3 14.Qxc3 Qa4 15.b4 Qxa2
16.bxa5 exd5 17.Bd3 d4 18.Qb2 Qa4 19.Ng5 bxa5 20.Ne6 Rfb8 21.Nc5 Qc6 22.Qb5 Qxb5  1-0

[Event "Hastings9596"]
[Site "Hastings"]
[Date "1996.??.??"]
[Round "5"]
[White "Hodgson, Julian M"]
[Black "Yermolinsky, Alex"]
[Result "0-1"]
[WhiteElo "2590"]
[BlackElo "2560"]

1.d4 Nf6 2.Bg5 Ne4 3.Bf4 d5 4.e3 e6 5.Bd3 b6 6.Bxe4 dxe4 7.Nc3 Bb4 8.Qg4 O-O
9.Qg3 Bxc3+ 10.bxc3 Nc6 11.Nh3 Ba6 12.f3 exf3 13.gxf3 f6 14.Bh6 Rf7 15.Rg1 Qe7
16.Nf4 Kh8 17.Qh4 gxh6 18.Qxh6 Rg8 19.Ng6+ Rxg6 20.Rxg6 Qa3 21.Kd2 Ne5  0-1

[Event "Hastings9596"]
[Site "Hastings"]
[Date "1996.??.??"]
[Round "6"]
[White "Yermolinsky, Alex"]
[Black "Khalifman, Alexander"]
[Result "1/2-1/2"]
[WhiteElo "2560"]
[BlackElo "2655"]

1.c4 g6 2.e4 Bg7 3.d4 d6 4.Nc3 Nf6 5.Be2 O-O 6.Nf3 e5 7.O-O exd4 8.Nxd4 Re8
9.f3 Nc6 10.Nc2 Nh5 11.g4 Be5 12.gxh5 Bxh2+ 13.Kxh2 Qh4+ 14.Kg1 Qg3+ 15.Kh1  1/2-1/2

[Event "Hastings9596"]
[Site "Hastings"]
[Date "1996.??.??"]
[Round "6"]
[White "Atalik, Suat"]
[Black "Luther, Thomas"]
[Result "1/2-1/2"]
[WhiteElo "2525"]
[BlackElo "2550"]

1.d4 e6 2.g3 d5 3.Nf3 b5 4.Bg2 Nf6 5.O-O Be7 6.b3 Ba6 7.Ne5 Nfd7 8.Nd3 O-O
9.Nd2 Nc6 10.Bb2 b4 11.Nf3 Bb5 12.a4 Ba6 13.c3 bxc3 14.Bxc3 Rb8 15.Rb1 Nb4
16.Nfe5 Nxe5 17.Nxe5 Qe8 18.Qd2 f6 19.Nf3 Bd6 20.Rfc1 Qe7 21.Bf1 Rb6 22.Ne1 Rfb8
23.e3 Bxf1 24.Kxf1 Qe8 25.Kg2 h5 26.Bxb4 Rxb4 27.Qc2 R4b7 28.Nf3 g5 29.h4 g4
30.Nd2 f5 31.Qd3 Rb6 32.Rc3  1/2-1/2

[Event "Hastings9596"]
[Site "Hastings"]
[Date "1996.??.??"]
[Round "6"]
[White "Lalic, Bogdan"]
[Black "Hodgson, Julian M"]
[Result "1/2-1/2"]
[WhiteElo "2590"]
[BlackElo "2590"]

1.d4 d5 2.c4 c6 3.Nf3 Nf6 4.Nc3 a6 5.Ne5 b5 6.cxd5 cxd5 7.g3 Bb7 8.Bg2 e6
9.O-O Be7 10.Bf4 Nc6 11.Rc1 Qb6 12.e4 Nxe5 13.dxe5 Nxe4 14.Nxe4 dxe4 15.Qg4 g5
16.Be3 h5 17.Qe2 Qa5 18.b3 Rd8 19.f4 b4 20.Qf2 O-O 21.Bb6 Qb5 22.Bxd8 Bxd8
23.Kh1 Bb6 24.Qb2 h4 25.fxg5 hxg3 26.g6 Bf2 27.Rxf2 gxf2 28.Qxf2 Qxe5 29.Qb6 Bd5
30.gxf7+ Rxf7 31.Rg1 Kh7 32.Qxb4 Rg7 33.Qe1 Rg4 34.Qe3 Qg5 35.Qxg5 Rxg5 36.Re1 Re5
37.Kg1 e3 38.Bxd5 exd5 39.Kf1 Rf5+ 40.Ke2 Rf2+ 41.Kxe3 Rxa2  1/2-1/2

[Event "Hastings9596"]
[Site "Hastings"]
[Date "1996.??.??"]
[Round "6"]
[White "Miles, Anthony J"]
[Black "Sadler, Matthew"]
[Result "1-0"]
[WhiteElo "2600"]
[BlackElo "2565"]

1.d4 d5 2.Bg5 h6 3.Bh4 c6 4.e3 Qb6 5.Qc1 Bf5 6.Nf3 Nd7 7.c4 e6 8.Nc3 Be7
9.c5 Qd8 10.Bg3 a5 11.a3 a4 12.Be2 Ngf6 13.O-O Ne4 14.Nxe4 Bxe4 15.Qc3 O-O
16.Rfc1 Ra7 17.Ne5 Nxe5 18.Bxe5 b6 19.Bd6 bxc5 20.Qxc5 Rb7 21.Bxe7 Qxe7 22.Qxe7 Rxe7
23.f3 Bg6 24.Bd1 Ra7 25.Rc3 Rb8 26.b4 axb3 27.Rxb3 Rxb3 28.Bxb3 Bd3 29.a4 Rb7
30.Ra3 Kf8 31.Kf2 Ke7 32.Ke1 Ba6 33.Kd2 Kd6 34.Bc2 c5 35.Rb3 Rxb3 36.Bxb3 Bf1
37.g3 e5 38.dxe5+ Kxe5 39.Bc2 Kd6 40.Bd3 Bxd3 41.Kxd3 h5 42.e4 d4 43.f4 Kc6
44.h3 Kb6 45.e5 Ka5 46.f5 Kb4 47.e6 c4+ 48.Kc2 d3+ 49.Kc1  1-0

[Event "Hastings9596"]
[Site "Hastings"]
[Date "1996.??.??"]
[Round "7"]
[White "Sadler, Matthew"]
[Black "Yermolinsky, Alex"]
[Result "1/2-1/2"]
[WhiteElo "2565"]
[BlackElo "2560"]

1.d4 Nf6 2.c4 g6 3.Nc3 Bg7 4.e4 d6 5.f3 O-O 6.Bg5 a6 7.Nge2 Nbd7 8.Qd2 c5
9.Bh6 Bxh6 10.Qxh6 b5 11.h4 b4 12.Nd5 e6 13.Nxf6+ Qxf6 14.O-O-O a5 15.h5  1/2-1/2

[Event "Hastings9596"]
[Site "Hastings"]
[Date "1996.??.??"]
[Round "7"]
[White "Luther, Thomas"]
[Black "Miles, Anthony J"]
[Result "1/2-1/2"]
[WhiteElo "2550"]
[BlackElo "2600"]

1.e4 Nc6 2.Nf3 d6 3.d4 Nf6 4.Nc3 Bg4 5.Be3 a6 6.h3 Bh5 7.Be2 e6 8.O-O d5
9.exd5 Nxd5 10.Nxd5 exd5 11.Ne5 Bxe2 12.Qxe2 Nxe5 13.Bf4 Be7 14.Bxe5 O-O
15.Qg4 f6 16.Bf4 Qc8 17.Rfe1 Qxg4 18.hxg4 Kf7 19.Re3 c6 20.a4 Rfd8 21.Rh3 h6
22.Rb3 Rd7 23.Kf1 Re8 24.Re1 Bf8 25.Rxe8  1/2-1/2

[Event "Hastings9596"]
[Site "Hastings"]
[Date "1996.??.??"]
[Round "7"]
[White "Hodgson, Julian M"]
[Black "Conquest, Stuart"]
[Result "0-1"]
[WhiteElo "2590"]
[BlackElo "2455"]

1.c4 g6 2.g3 Bg7 3.Bg2 f5 4.Nc3 Nf6 5.d4 O-O 6.Nf3 d6 7.O-O Qe8 8.d5 c5 9.Qc2 Na6
10.Bd2 h6 11.a3 Qf7 12.Rad1 Bd7 13.Qc1 Kh7 14.Qb1 Nc7 15.e4 fxe4 16.Nxe4 Nxe4
17.Qxe4 Bf5 18.Qh4 Qf6 19.Bg5 Qxb2 20.g4 Bd7 21.Rb1 Qc3 22.Rxb7 Rac8 23.Bd2 Qxc4
24.Qxe7 Qxg4 25.h3 Qf5 26.Nh4 Qf7 27.Qxd6 Bb5 28.Be4 Qf6 29.Qg3 Bxf1 30.Kxf1 Kg8
31.d6 Qd4 32.Qe3 Qxd6 33.Nxg6 Rf7 34.Qd3 Bd4 35.Be3 Rd8 36.Kg2 Qf6 37.Bf4 Be5
38.Qg3 Bxf4 39.Nxf4+ Rg7 40.Ng6 Re8 41.Rxc7 Rxc7 42.Ne7+ Kf7 43.Bd5+ Kf8
44.Kh1 Rd8 45.Ng6+ Ke8 46.Nf4 Rg7 47.Qe3+ Re7 48.Qg3 Qg5 49.Bc6+ Kf7 50.Qb3+ Kf8  0-1

[Event "Hastings9596"]
[Site "Hastings"]
[Date "1996.??.??"]
[Round "7"]
[White "Khalifman, Alexander"]
[Black "Lalic, Bogdan"]
[Result "1/2-1/2"]
[WhiteElo "2655"]
[BlackElo "2590"]

1.e4 e5 2.Nf3 Nc6 3.Bb5 a6 4.Ba4 Nf6 5.O-O Be7 6.Re1 b5 7.Bb3 O-O 8.c3 d6
9.h3 Nb8 10.d4 Nbd7 11.Nbd2 Bb7 12.Bc2 Re8 13.a4 Bf8 14.Bd3 c6 15.Nf1 g6
16.Ng3 Bg7 17.Bg5 Rb8 18.Qd2 Bc8 19.b4 Qe7 20.Bf1 Qf8 21.Bd3 h5 22.Be3 Nh7
23.axb5 cxb5 24.Bc2 exd4 25.cxd4 Nb6 26.Bb3 Nc4 27.Bxc4 bxc4 28.Bf4 Rb5 29.Ra5 d5
30.Be5 f6 31.Rxb5 axb5 32.Bc7 Bh6 33.Qc3 Qf7 34.Bb6 dxe4 35.Nxe4 Qd5 36.Nc5 Rxe1+
37.Qxe1 Kf7 38.Ne4 Bb7 39.Nc3 Qd7 40.Qe2 Nf8 41.d5 Bxd5 42.Nd4 Ne6 43.Ndxb5 Nf4
44.Qd1 Qc6 45.Nxd5 Qxd5  1/2-1/2

[Event "Hastings9596"]
[Site "Hastings"]
[Date "1996.??.??"]
[Round "8"]
[White "Lalic, Bogdan"]
[Black "Sadler, Matthew"]
[Result "1/2-1/2"]
[WhiteElo "2590"]
[BlackElo "2565"]

1.c4 c6 2.d4 d5 3.Nf3 Nf6 4.Nc3 dxc4 5.a4 Bf5 6.Ne5 e6 7.f3 Bb4 8.e4 Bxe4
9.fxe4 Nxe4 10.Bd2 Qxd4 11.Nxe4 Qxe4+ 12.Qe2 Bxd2+ 13.Kxd2 Qd5+ 14.Kc3 O-O
15.Qe3 b5 16.Be2 Nd7 17.Nxd7 Qxd7 18.Qc5 a6 19.Rhd1  1/2-1/2

[Event "Hastings9596"]
[Site "Hastings"]
[Date "1996.??.??"]
[Round "8"]
[White "Yermolinsky, Alex"]
[Black "Luther, Thomas"]
[Result "1-0"]
[WhiteElo "2560"]
[BlackElo "2550"]

1.Nf3 d5 2.d4 e6 3.c4 Nd7 4.Nc3 dxc4 5.e4 Nb6 6.Bxc4 Nxc4 7.Qa4+ Bd7 8.Qxc4 Nf6
9.Bg5 h6 10.Bxf6 gxf6 11.O-O c6 12.Rfd1 Qa5 13.d5 Bb4 14.a3 Bxc3 15.b4 Qa4
16.Qxc3 O-O-O 17.Qxf6 exd5 18.exd5 Be6 19.d6 Rhg8 20.Ne5 Qb3 21.Rd3 Qc2 22.Rad1 Bd5
23.g3 Kb8 24.d7 Ka8 25.b5 h5 26.bxc6 bxc6 27.Rxd5 cxd5 28.Qf3  1-0

[Event "Hastings9596"]
[Site "Hastings"]
[Date "1996.??.??"]
[Round "9"]
[White "Hodgson, Julian M"]
[Black "Atalik, Suat"]
[Result "1/2-1/2"]
[WhiteElo "2590"]
[BlackElo "2525"]

1.d4 Nf6 2.Bg5 d5 3.e3 e6 4.Nd2 Be7 5.Bd3 Nbd7 6.c3 e5 7.Ne2 c6 8.O-O exd4
9.exd4 O-O 10.Ng3 Nb6 11.Nf5 Bxf5 12.Bxf5 Ne8 13.Be3 Nd6 14.Bd3 Nbc4 15.Nxc4 Nxc4
16.Qc2 Nxe3 17.fxe3  1/2-1/2

[Event "Hastings9596"]
[Site "Hastings"]
[Date "1996.??.??"]
[Round "9"]
[White "Miles, Anthony J"]
[Black "Yermolinsky, Alex"]
[Result "1/2-1/2"]
[WhiteElo "2600"]
[BlackElo "2560"]

1.d4 Nf6 2.Bg5 e6 3.Nd2 h6 4.Bh4 c5 5.e3 Be7 6.c3 cxd4 7.exd4 b6 8.Ngf3 Bb7
9.Bd3 d6 10.O-O Nbd7 11.Nc4 O-O 12.Bg3 Qc7 13.Nfd2 a6 14.Re1 Rfe8 15.Rc1 Bf8
16.Bb1 Rac8 17.a3 b5 18.Ne3 Qb6 19.Qc2 g6 20.Ba2 Bg7 21.Qd3 Nh5 22.Rcd1  1/2-1/2

[Event "Hastings9596"]
[Site "Hastings"]
[Date "1996.??.??"]
[Round "9"]
[White "Luther, Thomas"]
[Black "Lalic, Bogdan"]
[Result "1/2-1/2"]
[WhiteElo "2550"]
[BlackElo "2590"]

1.e4 e5 2.Nf3 Nc6 3.Bb5 a6 4.Ba4 Nf6 5.O-O Be7 6.Re1 b5 7.Bb3 O-O 8.c3 d6
9.h3 Nd7 10.d4 Bf6 11.a4 Bb7 12.Na3 exd4 13.cxd4 Re8 14.Bf4 Na5 15.Bc2 b4
16.Nb1 c5 17.Nbd2 Qc7 18.Rc1 Rad8 19.Bb1 g6 20.Qc2 Qb6 21.dxc5 Nxc5  1/2-1/2

[Event "Hastings9596"]
[Site "Hastings"]
[Date "1996.??.??"]
[Round "9"]
[White "Sadler, Matthew"]
[Black "Conquest, Stuart"]
[Result "0-1"]
[WhiteElo "2565"]
[BlackElo "2455"]

1.d4 e6 2.c4 Bb4+ 3.Bd2 a5 4.Nf3 d6 5.g3 Nc6 6.Bg2 e5 7.d5 Bxd2+ 8.Nfxd2 Nb8
9.Nc3 Nd7 10.a3 f5 11.b4 Nh6 12.O-O O-O 13.Rc1 b6 14.Nb5 Ba6 15.Qc2 Rf7 16.bxa5 bxa5
17.a4 g5 18.Nb3 f4 19.Qd2 g4 20.Rc2 Kh8 21.e4 Rf6 22.Nxa5 Bxb5 23.cxb5 f3
24.Bh1 Nf7 25.Nb7 Qb8 26.Rfc1 Rxa4 27.Rxc7 Nb6 28.Na5 Qa8 29.R7c6 Qa7 30.Qe3 Qxa5
31.Rxb6 Ra3 32.Rb8+ Kg7 33.Qe1 Qa7 34.Rbc8 Ra2 35.R8c6 Qd4 36.b6 Ng5 37.R1c2 Nh3+
38.Kf1 Qd3+  0-1